[Event "Titled Tuesday intern op 15th Aug Late"]
[Site "Chess.com INT"]
[Date "2023.08.15"]
[Round "1"]
[White "Manukyan, Sargis A"]
[Black "Gertler, David"]
[Result "1-0"]
[WhiteElo "2237"]
[BlackElo "2218"]
[PlyCount "79"]
[EventDate "2023.08.15"]
[EventType "swiss (blitz)"]
[EventRounds "11"]
[EventCountry "USA"]
[SourceTitle "EXT 2024"]
[Source "ChessBase"]
[SourceDate "2023.10.10"]
[SourceVersion "1"]
[SourceVersionDate "2023.10.10"]
[SourceQuality "1"]

1. d4 Nf6 2. c4 Nc6 3. Nf3 e6 4. Nc3 Bb4 5. a3 Bxc3+ 6. bxc3 d6 7. e3 0-0 8. Bd3 Qe7 9. 0-0 e5 10. Nd2 Na5 11. e4 c5 12. d5 b6 13. Nb3 Nxb3 14. Qxb3 Ne8 15. f4 f5 16. fxe5 dxe5 17. exf5 e4 18. Bc2 Bxf5 19. Bf4 Rd8 20. Rae1 Nd6 21. Bxd6 Rxd6 22. Qb1 Rdf6 23. h3 Re8 24. Re3 Qe5 25. Rfe1 Qf4 26. Bxe4 Rg6 27. Bxf5 Rxe3 28. Bxg6 Rxe1+ 29. Qxe1 hxg6 30. Qe8+ Kh7 31. Qe1 Qxc4 32. Qd2 Qe4 33. d6 Qe8 34. d7 Qd8 35. Qd6 Kg8 36. Qe6+ Kf8 37. c4 Qe7 38. Qd5 Qd8 39. Qd6+ Kf7 40. a4 1-0

[Event "Titled Tuesday intern op 01st Aug Late"]
[Site "Chess.com INT"]
[Date "2023.08.01"]
[Round "4"]
[White "Urbina Perez, Juan Antonio"]
[Black "Gertler, David"]
[Result "1-0"]
[WhiteElo "2266"]
[BlackElo "2218"]
[PlyCount "79"]
[EventDate "2023.08.01"]
[EventType "swiss (blitz)"]
[EventRounds "11"]
[EventCountry "USA"]
[SourceTitle "EXT 2024"]
[Source "ChessBase"]
[SourceDate "2023.10.10"]
[SourceVersion "1"]
[SourceVersionDate "2023.10.10"]
[SourceQuality "1"]

1. d4 Nf6 2. c4 Nc6 3. Nf3 e6 4. a3 d6 5. Nc3 g6 6. g3 Bg7 7. Bg2 0-0 8. 0-0 e5 9. dxe5 dxe5 10. Bg5 Qxd1 11. Rfxd1 h6 12. Bxf6 Bxf6 13. Nb5 Bd8 14. Nd2 Bf5 15. Bxc6 bxc6 16. Nc3 a5 17. Nde4 Be7 18. f3 a4 19. Rac1 Be6 20. Na2 f5 21. Nf2 Bc5 22. Kg2 Be3 23. Rc2 Rfd8 24. Rxd8+ Rxd8 25. Nb4 c5 26. Nbd3 Bd4 27. e3 Bxe3 28. Nxe5 Kg7 29. f4 Bd4 30. Nfd3 Rb8 31. Kf3 Rb3 32. Ke2 Kf6 33. Nf3 g5 34. fxg5+ hxg5 35. Nxd4 cxd4 36. Nc5 Re3+ 37. Kf2 Re4 38. Rd2 Bxc4 39. Nxe4+ fxe4 40. Rxd4 1-0

[Event "Titled Tuesday intern op 11th Jul Late"]
[Site "Chess.com INT"]
[Date "2023.07.11"]
[Round "2"]
[White "Gertler, David"]
[Black "Tang, Andrew"]
[Result "0-1"]
[WhiteElo "2218"]
[BlackElo "2523"]
[PlyCount "30"]
[EventDate "2023.07.11"]
[EventType "swiss (blitz)"]
[EventRounds "11"]
[EventCountry "USA"]
[SourceTitle "EXT 2024"]
[Source "ChessBase"]
[SourceDate "2023.10.10"]
[SourceVersion "1"]
[SourceVersionDate "2023.10.10"]
[SourceQuality "1"]

1. e4 b5 2. d4 Bb7 3. Bd3 e6 4. Qe2 a6 5. Nf3 c5 6. c3 Nf6 7. Nbd2 d6 8. e5 dxe5 9. dxe5 Nd5 10. Ne4 Nd7 11. a4 c4 12. Bc2 Qc7 13. 0-0 Nxe5 14. axb5 axb5 15. b3 Rxa1 0-1

[Event "Titled Tuesday intern op 27th Jun Late"]
[Site "Chess.com INT"]
[Date "2023.06.27"]
[Round "1"]
[White "Martinez Ramirez, Lennis"]
[Black "Gertler, David"]
[Result "1-0"]
[WhiteElo "2426"]
[BlackElo "2218"]
[PlyCount "73"]
[EventDate "2023.06.27"]
[EventType "swiss (blitz)"]
[EventRounds "11"]
[EventCountry "USA"]
[SourceTitle "EXT 2024"]
[Source "ChessBase"]
[SourceDate "2023.10.10"]
[SourceVersion "1"]
[SourceVersionDate "2023.10.10"]
[SourceQuality "1"]

1. c4 Nf6 2. Nc3 e6 3. d4 Bb4 4. Bd2 0-0 5. e3 b6 6. Bd3 Bb7 7. Nf3 Bxc3 8. Bxc3 Ne4 9. Rc1 d6 10. 0-0 Nxc3 11. Rxc3 Qe7 12. b4 c5 13. bxc5 dxc5 14. d5 e5 15. d6 Qf6 16. Qc2 g6 17. Be4 Nc6 18. Rd1 Rad8 19. d7 Qe7 20. Qd2 Na5 21. Bxb7 Nxb7 22. h4 Na5 23. Qd5 Kg7 24. e4 f6 25. Rcd3 Qf7 26. Qd6 Nxc4 27. Qc6 Nb2 28. R3d2 Nxd1 29. Rxd1 Qe7 30. g4 Rf7 31. g5 f5 32. Rd6 Rxd7 33. Re6 Qd8 34. Nxe5 Rd1+ 35. Kg2 Qf8 36. Rxg6+ Kh8 37. Nxf7+ 1-0

[Event "Titled Tuesday intern op 13th Jun Early"]
[Site "Chess.com INT"]
[Date "2023.06.13"]
[Round "7"]
[White "Gertler, David"]
[Black "Luxama, Jacques Muller"]
[Result "1-0"]
[WhiteElo "2218"]
[BlackElo "1933"]
[PlyCount "57"]
[EventDate "2023.06.13"]
[EventType "swiss (blitz)"]
[EventRounds "11"]
[EventCountry "USA"]
[SourceTitle "EXT 2024"]
[Source "ChessBase"]
[SourceDate "2023.10.10"]
[SourceVersion "1"]
[SourceVersionDate "2023.10.10"]
[SourceQuality "1"]

1. e4 e6 2. d4 d5 3. Nd2 Nf6 4. Bd3 dxe4 5. Nxe4 Be7 6. Nf3 0-0 7. 0-0 b6 8. Qe2 Bb7 9. b3 Nbd7 10. c4 c5 11. Bb2 cxd4 12. Bxd4 Qc7 13. Rad1 Rfd8 14. Rfe1 Nxe4 15. Bxe4 Bxe4 16. Qxe4 Bf6 17. h3 Bxd4 18. Qxd4 Nc5 19. Qh4 h6 20. g3 a5 21. Nd4 Qb7 22. Nb5 Nd3 23. Re3 Ne5 24. Rxd8+ Rxd8 25. Qxd8+ Kh7 26. Nd4 Ng6 27. Qd6 e5 28. Nf5 Qc8 29. Ne7 1-0

[Event "Titled Tuesday intern op 13th Jun Early"]
[Site "Chess.com INT"]
[Date "2023.06.13"]
[Round "5"]
[White "Palencia Morales, Wilson Guillermo"]
[Black "Gertler, David"]
[Result "1-0"]
[WhiteElo "2300"]
[BlackElo "2218"]
[PlyCount "39"]
[EventDate "2023.06.13"]
[EventType "swiss (blitz)"]
[EventRounds "11"]
[EventCountry "USA"]
[SourceTitle "EXT 2024"]
[Source "ChessBase"]
[SourceDate "2023.10.10"]
[SourceVersion "1"]
[SourceVersionDate "2023.10.10"]
[SourceQuality "1"]

1. d4 Nf6 2. c4 Nc6 3. Nf3 e6 4. g3 Bb4+ 5. Nbd2 d5 6. Bg2 dxc4 7. 0-0 Bxd2 8. Qxd2 Rb8 9. a4 a6 10. a5 b5 11. axb6 cxb6 12. Qc2 Nxd4 13. Nxd4 Qxd4 14. Be3 Qd8 15. Bf4 Bb7 16. Rfd1 Qc8 17. Bxb8 Bxg2 18. Kxg2 Qxb8 19. Qxc4 Qb7+ 20. f3 1-0

[Event "Titled Tuesday intern op 13th Jun Early"]
[Site "Chess.com INT"]
[Date "2023.06.13"]
[Round "6"]
[White "Samarth, J Rao"]
[Black "Gertler, David"]
[Result "1-0"]
[WhiteElo "1616"]
[BlackElo "2218"]
[PlyCount "95"]
[EventDate "2023.06.13"]
[EventType "swiss (blitz)"]
[EventRounds "11"]
[EventCountry "USA"]
[SourceTitle "EXT 2024"]
[Source "ChessBase"]
[SourceDate "2023.10.10"]
[SourceVersion "1"]
[SourceVersionDate "2023.10.10"]
[SourceQuality "1"]

1. Nf3 d6 2. c4 e5 3. Nc3 f5 4. d3 Nf6 5. g3 Be7 6. Bg2 0-0 7. 0-0 Qe8 8. Nd2 Qh5 9. e3 Qxd1 10. Rxd1 Nc6 11. a3 Nd8 12. b4 g5 13. b5 Ne6 14. Nb3 Rb8 15. a4 f4 16. a5 g4 17. exf4 exf4 18. Bd5 fxg3 19. fxg3 Nxd5 20. Nxd5 Bd8 21. Be3 b6 22. axb6 axb6 23. Nd4 Nxd4 24. Bxd4 Rf3 25. Ra7 Bb7 26. Ne3 Bf6 27. Bxf6 Rxe3 28. Bd4 Re2 29. Bf2 Kf7 30. Re1 Rxe1+ 31. Bxe1 Ke6 32. Bc3 Kd7 33. Kf2 Bf3 34. Bd4 d5 35. Be5 Rc8 36. Ke3 dxc4 37. dxc4 Bg2 38. Bf4 Bf1 39. Kd4 Be2 40. c5 bxc5+ 41. Kxc5 Kd8 42. Bg5+ Ke8 43. b6 cxb6+ 44. Kd6 Bb5 45. Rxh7 Rc6+ 46. Kd5 Rg6 47. Rh8+ Kf7 48. Bf4 1-0

[Event "Titled Tuesday intern op 02nd May Late"]
[Site "Chess.com INT"]
[Date "2023.05.02"]
[Round "4"]
[White "Gertler, David"]
[Black "Erzhanov, Arman"]
[Result "0-1"]
[WhiteElo "2218"]
[BlackElo "2228"]
[PlyCount "50"]
[EventDate "2023.05.02"]
[EventType "swiss (blitz)"]
[EventRounds "11"]
[EventCountry "USA"]
[SourceTitle "EXT 2024"]
[Source "ChessBase"]
[SourceDate "2023.10.10"]
[SourceVersion "1"]
[SourceVersionDate "2023.10.10"]
[SourceQuality "1"]

1. e4 d6 2. Nc3 Nf6 3. f4 d5 4. e5 d4 5. exf6 dxc3 6. fxg7 cxd2+ 7. Bxd2 Bxg7 8. Qf3 Bxb2 9. Rd1 Qd6 10. Bc3 Bxc3+ 11. Qxc3 Qe6+ 12. Be2 0-0 13. Nf3 Nc6 14. Kf2 Qf6 15. Qe3 Bf5 16. Rd2 Rfd8 17. g4 Rxd2 18. Qxd2 Be4 19. Qe3 Bxf3 20. Bxf3 Rd8 21. Rb1 b6 22. Rb5 Nd4 23. Rg5+ Kh8 24. Be4 Ne6 25. Rf5 Qh4+ 0-1

[Event "USA-chT Amateur East"]
[Site "Parsippany"]
[Date "2000.03.20"]
[Round "4"]
[White "Berg, George P"]
[Black "Gertler, David"]
[Result "0-1"]
[WhiteElo "2234"]
[BlackElo "2205"]
[PlyCount "88"]
[EventDate "2000.03.19"]
[EventType "team"]
[EventRounds "6"]
[EventCountry "USA"]
[SourceTitle "EXT 2001"]
[Source "ChessBase"]
[SourceDate "2000.11.22"]
[SourceVersion "1"]
[SourceVersionDate "2000.11.22"]
[SourceQuality "1"]

1. e4 Nc6 2. Nf3 e5 3. Bb5 a6 4. Bxc6 dxc6 5. 0-0 Qd6 6. d4 exd4 7. Nxd4 Bd7 8. Nc3 0-0-0 9. Be3 c5 10. Nb3 Qxd1 11. Raxd1 b6 12. Bf4 Ne7 13. Nd5 Nxd5 14. Rxd5 Be7 15. Rfd1 Bf6 16. c3 Be6 17. Rxd8+ Rxd8 18. Rxd8+ Kxd8 19. f3 a5 20. e5 Be7 21. Kf2 Kd7 22. Nc1 Bd5 23. Ke3 Ke6 24. a3 g5 25. Bg3 Bf8 26. Nd3 Bg7 27. Ne1 Bxe5 28. Bxe5 Kxe5 29. g3 f6 30. Nd3+ Ke6 31. Nf2 Bb3 32. Ne4 Bc2 33. Nd2 Kd5 34. c4+ Ke6 35. b3 a4 36. bxa4 Bxa4 37. Ne4 Bc6 38. Nc3 Kf5 39. a4 h6 40. Nb5 Bxb5 41. axb5 Ke5 42. Kd3 f5 43. h3 Kd6 44. g4 Ke6 0-1

[Event "US Open-94"]
[Site "Philadelphia"]
[Date "1993.??.??"]
[Round "?"]
[White "Manik, Mikulas"]
[Black "Gertler, David"]
[Result "1-0"]
[WhiteElo "2200"]
[BlackElo "2205"]
[PlyCount "75"]
[EventDate "1993.08.07"]
[EventType "swiss"]
[EventRounds "9"]
[EventCountry "USA"]
[SourceTitle "EXT 2004"]
[Source "ChessBase"]
[SourceDate "2003.11.25"]
[SourceVersion "1"]
[SourceVersionDate "2003.11.25"]
[SourceQuality "1"]

1. e4 e5 2. Nf3 Nc6 3. Bb5 a6 4. Ba4 Nf6 5. 0-0 b5 6. Bb3 Bb7 7. Re1 h6 8. c3 d6 9. d4 g6 10. Nbd2 Bg7 11. Nf1 0-0 12. Ng3 Nd7 13. Be3 exd4 14. cxd4 Na5 15. Bc2 Nc4 16. Bc1 c5 17. b3 Na5 18. Bf4 cxd4 19. Bxd6 Re8 20. Rc1 Rc8 21. Qd2 Nc6 22. Ba3 Nde5 23. Nxe5 Nxe5 24. Bb2 Qh4 25. h3 Red8 26. Bd1 Bf6 27. Rxc8 Bxc8 28. Be2 Nc6 29. Rd1 Be5 30. Nf1 d3 31. Bxd3 Rxd3 32. Qxd3 Bxb2 33. Qc2 Qf6 34. Ne3 Bb7 35. Rd7 Nd4 36. Qc7 Ne2+ 37. Kf1 Be5 38. Qd8+ 1-0

[Event "World op 18th"]
[Site "Philadelphia"]
[Date "1990.??.??"]
[Round "1"]
[White "Gertler, David"]
[Black "Shabalov, Alexander"]
[Result "0-1"]
[WhiteElo "2225"]
[BlackElo "2465"]
[PlyCount "50"]
[EventDate "1990.06.??"]
[EventType "swiss"]
[EventRounds "9"]
[EventCountry "USA"]
[SourceTitle "EXT 1997"]
[Source "ChessBase"]
[SourceDate "1996.11.15"]
[SourceVersion "1"]
[SourceVersionDate "1996.11.15"]
[SourceQuality "1"]

1. e4 c5 2. c3 d6 3. d4 Nf6 4. Bd3 g6 5. Nf3 Bg7 6. 0-0 0-0 7. Re1 Bg4 8. Nbd2 cxd4 9. cxd4 Nc6 10. h3 Bxf3 11. Nxf3 Nd7 12. Bf1 Qb6 13. Be3 Qxb2 14. Rb1 Qxa2 15. Rxb7 Nf6 16. d5 Nb8 17. Qb1 Qxb1 18. Rexb1 a5 19. Rxe7 a4 20. Nd4 a3 21. Ra1 Nfd7 22. Bb5 Bf6 23. Rxd7 Nxd7 24. Bxd7 Rfb8 25. Bc6 a2 0-1

[Event "New York op"]
[Site "New York"]
[Date "1986.??.??"]
[Round "?"]
[White "Shirazi, Kamran"]
[Black "Gertler, David"]
[Result "1-0"]
[WhiteElo "2430"]
[BlackElo "2300"]
[PlyCount "59"]
[EventDate "1986.03.??"]
[EventType "swiss"]
[EventRounds "9"]
[EventCountry "USA"]
[SourceTitle "EXT 1997"]
[Source "ChessBase"]
[SourceDate "1996.11.15"]
[SourceVersion "1"]
[SourceVersionDate "1996.11.15"]
[SourceQuality "1"]

1. e4 c5 2. Nf3 Nc6 3. d4 cxd4 4. Nxd4 g6 5. Be2 Bg7 6. Nb3 Nf6 7. Nc3 0-0 8. 0-0 d6 9. Bg5 Be6 10. f4 Na5 11. Bh4 Rc8 12. e5 Nxb3 13. exf6 Bxf6 14. Bxf6 Nxa1 15. Bd4 Bc4 16. f5 Bxe2 17. Qxe2 Nxc2 18. Qxc2 e5 19. fxe6 fxe6 20. Rxf8+ Qxf8 21. Bxa7 Rc4 22. Qe2 Qc8 23. Be3 d5 24. Bh6 Rh4 25. Bg5 Rc4 26. Qe5 Qd7 27. Bh6 Rc6 28. Nb5 Rc8 29. Nd6 Rc6 30. Qf6 1-0

[Event "New York op"]
[Site "New York"]
[Date "1985.??.??"]
[Round "1"]
[White "Djuric, Stefan"]
[Black "Gertler, David"]
[Result "0-1"]
[WhiteElo "2470"]
[BlackElo "2265"]
[PlyCount "52"]
[EventDate "1985.03.??"]
[EventType "swiss"]
[EventRounds "9"]
[EventCountry "USA"]
[SourceTitle "EXT 2000"]
[Source "ChessBase"]
[SourceDate "1999.11.16"]
[SourceVersion "1"]
[SourceVersionDate "1999.11.16"]
[SourceQuality "1"]

1. d4 Nf6 2. Nf3 d5 3. c4 dxc4 4. e3 Bg4 5. Bxc4 e6 6. h3 Bh5 7. 0-0 a6 8. b3 Nc6 9. Bb2 Bd6 10. Be2 0-0 11. Nbd2 Bg6 12. Nh4 e5 13. Nxg6 hxg6 14. Bf3 exd4 15. exd4 Qd7 16. Rc1 Nb4 17. Bxb7 Rab8 18. Qf3 Qf5 19. Ra1 Qf4 20. Rfd1 Qh2+ 21. Kf1 Rxb7 22. Qxb7 Re8 23. g3 Nfd5 24. Nf3 Qh1+ 25. Ng1 Ne3+ 26. fxe3 Qxb7 0-1

[Event "New York op"]
[Site "New York"]
[Date "1985.??.??"]
[Round "7"]
[White "Gertler, David"]
[Black "Frias Pablaza, Victor J"]
[Result "0-1"]
[WhiteElo "2265"]
[BlackElo "2440"]
[PlyCount "70"]
[EventDate "1985.03.??"]
[EventType "swiss"]
[EventRounds "9"]
[EventCountry "USA"]
[SourceTitle "EXT 2000"]
[Source "ChessBase"]
[SourceDate "1999.11.16"]
[SourceVersion "1"]
[SourceVersionDate "1999.11.16"]
[SourceQuality "1"]

1. e4 c5 2. Nf3 e6 3. c3 d5 4. exd5 exd5 5. d4 Nc6 6. Bb5 Bd6 7. dxc5 Bxc5 8. 0-0 Nge7 9. Bg5 0-0 10. Nbd2 Bg4 11. Nb3 Bb6 12. a4 Qd6 13. Bh4 Nf5 14. Qd3 Nxh4 15. Nxh4 Rad8 16. Rae1 g6 17. Qg3 Qxg3 18. hxg3 Be6 19. Bxc6 bxc6 20. a5 Bc7 21. Nf3 Bd6 22. Nbd4 Bd7 23. Ne5 c5 24. Ndc6 Bxc6 25. Nxc6 Rd7 26. a6 Rc8 27. Na5 Bf8 28. Nb7 Kg7 29. Ra1 Rc6 30. Rfc1 Rb6 31. Ra5 d4 32. Nxc5 Bxc5 33. Rxc5 d3 34. b4 d2 35. Rd1 Re6 0-1